Statistiken für Größte Arktische Inseln mit einer Karte

Klicken Sie hier um das Quiz zu spielen!

Allgemein

  • Dieses Quiz wurde 98 mal gespielt
  • Das Durchschnittsergebnis liegt bei 5 aus 24

Antworten auf der Karte

Die Antworten werden auf der Karte rot bzw. grün angezeigt, abhängig davon wie oft sie richtig erraten wurden.
 

Antwortstatistiken

Insel% Korrekt
Grönland
98%
Island
88%
Spitzbergen
82%
Baffin
49%
Ellesmere
30%
Victoria
30%
Banks
17%
Nordinsel
14%
Südinsel
13%
Devon
10%
Nordostland
8%
Oktoberrevolutions
7%
Somerset
7%
Axel Heiberg
6%
Bolschewik
6%
Kotelny
6%
Prince-of-Wales
6%
Prince Patrick
6%
Bathurst
5%
Melville
5%
Bylot
4%
Ellef Ringnes
4%
King William
4%
Southampton
4%

Verteilung der Resultate

Perzentil nach korrekt beantworteten Fragen

Anzahl Personen mit jedem Resultat

Ihre Resultats-Entwicklung

Sie haben dieses Quiz noch nicht gespielt